00433cam a22001097a 4500008004000000082001800040245011200058260006700170300001000237650001900247700005700266180718b1965 xxu||||| |||| 00| 0 eng d aT112x54 N213d aDistribution of national income by states, 1960-61cby National Council of Applied Economic Research, India aNew DelhibNational Council of Applied Economic Researchc1965 a216p. aIncome - India aIndia. National Council of Applied Economic Research